000 00740nam a22002417a 4500
003 UA-OsUOA
001 48100
007 ta
008 20070830b un ||||| |||| 00| 0 ukr d
100 _aКлимчук В. Н.
090 _a821.161.1
_bК49
942 _cBK
040 _aUA-OsUOA
_bukr
_cUA-OsUOA
_dUA-OsUOA
245 _aТворчество Павела Вежинова
_b(Концепция человека, художественное своеобразие)
300 _a197 с.
955 _a2
041 _aukr
080 _a821.161.1
020 _a5-12-001989-7
260 _aК.
_bНаукова думка
_c1991
650 7 _a82 Література. Літературознавство
_2UDC
999 _c334203
_d334203